|
|
|
|
| LEADER |
00000nam0a2200000 4500 |
| 001 |
292808 |
| 005 |
20231102000531.0 |
| 035 |
|
|
|a (RuTPU)RU\TPU\book\317459
|
| 090 |
|
|
|a 292808
|
| 100 |
|
|
|a 20150425d1983 k y0rusy50 ca
|
| 101 |
0 |
|
|a rus
|
| 102 |
|
|
|a RU
|
| 105 |
|
|
|a a z 001zy
|
| 200 |
1 |
|
|a Введение в радиоастрометрию
|e [монография]
|f В. С. Губанов, А. М. Финкельштейн, П. А. Фридман
|g под ред. А. Ф. Дравских
|
| 210 |
|
|
|a Москва
|c Наука
|d 1983
|
| 215 |
|
|
|a 280 с.
|c ил.
|
| 320 |
|
|
|a Библиогр.: с. 274-279
|
| 606 |
1 |
|
|a Астрометрия
|2 stltpush
|3 (RuTPU)RU\TPU\subj\29545
|9 52847
|
| 610 |
1 |
|
|a радиоастрометрия
|
| 610 |
1 |
|
|a Земля
|
| 610 |
1 |
|
|a вращательное движение
|
| 610 |
1 |
|
|a наблюдаемые величины
|
| 610 |
1 |
|
|a редукционные вычисления
|
| 610 |
1 |
|
|a координатные измерения
|
| 610 |
1 |
|
|a источники радиоизлучения
|
| 610 |
1 |
|
|a радиоинтерферометры
|
| 610 |
1 |
|
|a когерентность
|
| 610 |
1 |
|
|a синхронизация
|
| 610 |
1 |
|
|a атмосфера
|
| 610 |
1 |
|
|a флуктуационные эффекты
|
| 610 |
1 |
|
|a монографии
|
| 675 |
|
|
|a 521.9
|v 4
|
| 700 |
|
1 |
|a Губанов
|b В. С.
|g Вадим Сергеевич
|
| 701 |
|
1 |
|a Финкельштейн
|b А. М.
|g Андрей Михайлович
|
| 701 |
|
1 |
|a Фридман
|b П. А.
|g Петр Александрович
|
| 702 |
|
1 |
|a Дравских
|b А. Ф.
|4 340
|
| 801 |
|
1 |
|a RU
|b 63413507
|c 20150425
|
| 801 |
|
2 |
|a RU
|b 63413507
|c 20180412
|g RCR
|
| 942 |
|
|
|c BK
|